NCAA Basketball 2011: University of Richmond Quiz Stats

 Plays Quiz Updated Oct 14, 2016

Score 0/26 Timer 05:00
0 Plays Today
Hint Answers % Correct
CityRichmond, Virginia
88.8%
NicknameSpiders
86.6%
ColorsUR Blue and UR Red
79.5%
ConferenceAtlantic 10
66.1%
ForwardKevin Smith
48%
ForwardConor Smith
47.1%
GuardKevin Anderson
46%
Basketball ArenaRobins Center
38.3%
ForwardJustin Harper
37.9%
CoachChris Mooney
37.7%
Second Round OpponentVanderbilt University
37.4%
CenterDan Geriot
31.3%
ForwardDerrick Williams
31.1%
Hint Answers % Correct
ForwardDarrius Garrett
26.9%
GuardDarien Brothers
26.7%
All-time Leading Scorer (2,383 points)Johnny Newman
24%
Highest NBA Scoring AlumJohnny Newman
24%
ForwardFrancis-Cedric Martel
23.6%
GuardCedrick Lindsay
23.3%
GuardGreg Robbins
22.9%
CenterJosh Duinker
19%
GuardKevin Hovde
16.8%
GuardJonathan Benjamin
14.1%
GuardZak Estes
13.2%
GuardWayne Sparrow
13.2%
GuardLiam Billings
12.8%

You're not logged in!

Compare scores with friends on all Sporcle quizzes.
OR
Log In

You Might Also Like...

Show Comments

Extras

Top Quizzes Today


Score Distribution

Your Account Isn't Verified!

In order to create a playlist on Sporcle, you need to verify the email address you used during registration. Go to your Sporcle Settings to finish the process.

Report this User

Report this user for behavior that violates our Community Guidelines.

Details: